Alphabetically first country by number of letters - Statistics

General Stats
  • This quiz has been taken 29 times
    22 since last reset
  • The average score is 8 of 19
Answer Stats
Letters Answer % Correct
7 Albania
79%
4 Chad
79%
11 Afghanistan
71%
6 Angola
71%
9 Argentina
71%
10 Azerbaijan
71%
5 Benin
71%
28 Democratic Republic of the Congo
57%
17 Antigua and barbuda
36%
8 Barbados
36%
15 Republic of the Congo
36%
25 Federated States of Micronesia
29%
21 Central African Republic
14%
16 Equatorial Guinea
14%
12 Guinea Bissau
14%
14 Papua New Guinea
14%
13 Czech Republic
7%
18 Saint Kitts and Nevis
7%
20 Bosnia and Herzogvina
0%
No matching quizzes found
Score Distribution
Percent of People with Each Score
Percentile by Number Answered
Your Score History
You have not taken this quiz since the last reset